Máy và thiết bị nâng - chuyển
Tài liệu giới thiệu những đặc điểm cấu tạo và tính năng kĩ thuật của các loại máy và thiết bị nâng - chuyển từ đơn giản đến hiện đại, trình bày nguyên lý vận hành các cơ cấu, cách sử dụng, bảo dưỡng cũng như những quy tắc an toàn ki...
Sparad:
| Huvudupphovsman: | |
|---|---|
| Materialtyp: | Bok |
| Språk: | Undetermined |
| Publicerad: |
Hà Nội
Xây dựng
2010
|
| Ämnen: | |
| Taggar: |
Lägg till en tagg
Inga taggar, Lägg till första taggen!
|
| Thư viện lưu trữ: | Trung tâm Học liệu Trường Đại học Cần Thơ |
|---|
| LEADER | 01027nam a2200205Ia 4500 | ||
|---|---|---|---|
| 001 | CTU_168876 | ||
| 008 | 210402s9999 xx 000 0 und d | ||
| 020 | |c 58000 | ||
| 082 | |a 621.8028 | ||
| 082 | |b Ch312 | ||
| 100 | |a Phạm, Huy Chính | ||
| 245 | 0 | |a Máy và thiết bị nâng - chuyển | |
| 245 | 0 | |c Phạm Huy Chính | |
| 260 | |a Hà Nội | ||
| 260 | |b Xây dựng | ||
| 260 | |c 2010 | ||
| 520 | |a Tài liệu giới thiệu những đặc điểm cấu tạo và tính năng kĩ thuật của các loại máy và thiết bị nâng - chuyển từ đơn giản đến hiện đại, trình bày nguyên lý vận hành các cơ cấu, cách sử dụng, bảo dưỡng cũng như những quy tắc an toàn kĩ thuật. | ||
| 650 | |a Machinery construction,Machinery, Automatic,Máy xây dựng,Máy móc, tự động | ||
| 904 | |i Ngọc Anh, Trọng Hiếu | ||
| 980 | |a Trung tâm Học liệu Trường Đại học Cần Thơ | ||